| 000 | 00780nam a2200241 u 4500 | ||
|---|---|---|---|
| 005 | 20240924071305.0 | ||
| 008 | 141008s2007 mx r 000 0 spa d | ||
| 020 | _a9789707708709 | ||
| 035 | _aUPN01000200111 | ||
| 049 | _aI | ||
| 050 | 4 |
_aPN6071 M3 _bY4.7 |
|
| 100 | 1 |
_aYeo-Rim, Yoon _936614 |
|
| 245 | 1 | 1 |
_a¿Te acuerdas, golondrina-- ? / _cYoon Yeo-Rim ; il. Kim Ji-Yeon. |
| 260 |
_aMéxico : _bAltea, _c2007. |
||
| 300 |
_a[38] p. : _bil. col. |
||
| 440 | 0 |
_aTan tan, cuentos de matemáticas. _pNivel 3 |
|
| 534 |
_pTítulo original: _tSwallow, do you remember? |
||
| 650 | 4 |
_aMatemáticas en la literatura _912997 |
|
| 650 | 4 |
_aMatemáticas _xEstudio y enseñanza (Elemental) _92809 |
|
| 650 | 4 |
_aLiteratura infantil _94445 |
|
| 905 | _aInfantil | ||
| 999 |
_c172212 _d172212 |
||